Catálogo
 En Linea

Los dos rivales : (Registro nro. 34597)

Detalles MARC
000 -CABECERA
campo de control de longitud fija 00672nam a2200169 a 4500
001 - NÚMERO DE CONTROL
campo de control 000035106
005 - FECHA Y HORA DE LA ÚLTIMA TRANSACCIÓN
campo de control 20200930074116.0
008 - DATOS DE LONGITUD FIJA--INFORMACIÓN GENERAL
campo de control de longitud fija 111025s1908 sp 000 0 spa d
040 ## - FUENTE DE LA CATALOGACIÓN
Centro catalogador/agencia de origen DO-SdBNP
Lengua de catalogación spa
Centro/agencia transcriptor BNPHU
082 ## - NÚMERO DE LA CLASIFICACIÓN DECIMAL DEWEY
Número de clasificación xxxx
Número de documento/Ítem A816d, 1908
100 1# - ENTRADA PRINCIPAL--NOMBRE DE PERSONA
Nombre de persona Asensio Más, Ramón
9 (RLIN) 60778
245 14 - MENCIÓN DE TÍTULO
Título Los dos rivales :
Resto del título zarzuela dramática en un acto, dividido en cuadro cuadros, en prosa y verso /
Mención de responsabilidad, etc. Ramón Asencio Más, Jancinto Capella ; música Gerónimo Giménez.
250 ## - MENCIÓN DE EDICIÓN
Mención de edición 2a ed.
260 ## - PUBLICACIÓN, DISTRIBUCIÓN, ETC.
Lugar de publicación, distribución, etc. Madrid :
Nombre del editor, distribuidor, etc. R. Velasco, impresor, Marqués de Santa Ana,
Fecha de publicación, distribución, etc. 1908.
300 ## - DESCRIPCIÓN FÍSICA
Extensión 45 p. ;
Dimensiones 20 cm.
500 ## - NOTA GENERAL
Nota general Estrena en el Teatro Martín la noche del 7 de noviembre de 1908.
Existencias
Estado de retiro Estado de pérdida Restricciones de uso No para préstamo Código de colección Localización permanente Ubicación/localización actual Ubicación en estantería Fecha de adquisición Número de inventario Total de préstamos Signatura topográfica completa Código de barras Fecha visto por última vez Precio válido a partir de Tipo de ítem Koha
      Excluido de préstamo Monografías: Libros y Folletos General General En catalogación 25.10.2011 LF1   xxxx A816d, 1908 35106-10 25.06.2020 25.06.2020 No se presta

Con tecnología Koha